000 00469nam a2200157Ia 4500
999 _c19963
_d19963
003 OSt
005 20200609153042.0
008 190216s9999||||xx |||||||||||||| ||und||
040 _coclc
082 _a378.542
_bLEL/A
100 _aLelyveld, David
_92709
245 0 _aAligarh`s First Generation /
_cDavid Lelyveld
260 _bOxford University Press,
_c1978.
_aNew Delhi:
300 _a380p
942 _cBK
_2ddc
_h378.542
_iLEL/A
_k378.542
_mLEL/A